<The> Panel analysis of productivity and profitability of domestic and foreign firms

Na minha lista:
Detalhes bibliográficos
Autor principal: Kubíková, Zuzana
Outros Autores: Kerbčárová, Daniela, 1989-
Formato: Capítulo de Livro
Idioma:inglês
Assuntos:
Tags: Adicionar Tag
Sem tags, seja o primeiro a adicionar uma tag!

MARC

LEADER 00000naa$a2200000$$$4500
001 0223174
005 20240502083555.1
041 0 |a eng 
044 |a BG 
245 1 0 |a <The> Panel analysis of productivity and profitability of domestic and foreign firms  |c Zuzana Kubíková, Daniela Kerbčárová 
610 2 0 |a produktivita 
610 2 0 |a rentabilita podniku 
610 2 0 |a odvetvia priemyselné 
610 2 0 |a podnik priemyselný 
610 2 0 |a investície priame zahraničné 
610 2 0 |a Slovensko 
610 2 0 |a produktivita práce 
610 2 0 |a výkonnosť podniku 
100 1 |a Kubíková, Zuzana 
700 1 |a Kerbčárová, Daniela, 1989-